| 000 | 00919nam a22002897a 4500 | ||
|---|---|---|---|
| 001 | 8056 | ||
| 003 | FISKH | ||
| 005 | 20250820083647.0 | ||
| 008 | 250820b cb ||||| |||| 00| 0 eng d | ||
| 020 | _a0893756636 | ||
| 040 |
_aFISKH _beng _cFISKH _dFISKH |
||
| 050 | _aQL544.C87 | ||
| 082 | _a595.789 | ||
| 100 | _aCutts, David | ||
| 245 |
_aLook...a butterfly / _cWritten by David Cutts : Illustrated by Eulala Conner |
||
| 260 |
_aNew Jersey : _bTroll Associates , _c1982. |
||
| 300 |
_a32 unnumbered pages : _bcolor illustrations ; _c23 cm . |
||
| 490 | _aNow I know | ||
| 505 | _aE | ||
| 520 | _aFollows the development of a butterfly from egg through caterpillar and cocoon to maturity. | ||
| 521 | 8 |
_a300
_bLexile estimate |
|
| 521 | 8 |
_aE
_bRaz-Plus |
|
| 650 |
_aButterflies _vJuvenile Literature |
||
| 700 |
_aConner, Eulala _eIllustrator |
||
| 942 |
_2ddc _cBK _n0 |
||
| 999 |
_c8056 _d8056 |
||